header

Electrophoretic deposition (Record no. 195827)

MARC details
000 -LEADER
fixed length control field 01576nam a2200301 a 4500
245 10 - TITLE STATEMENT
Title Electrophoretic deposition
260 ## - PUBLICATION, DISTRIBUTION, ETC. (IMPRINT)
Place of publication Durnten-Zurich, Switzerland :
Name of publisher Trans Tech Publications,
Year of publication 2012.
300 ## - PHYSICAL DESCRIPTION
Number of Pages a-b, 243 p. :
Other physical details ill. (some col.).
650 #0 - SUBJECT ADDED ENTRY--TOPICAL TERM
Topical Term Electrophoretic deposition
700 1# - ADDED ENTRY--PERSONAL NAME
Personal name Boccaccini, A. R.
856 40 - ELECTRONIC LOCATION AND ACCESS
Uniform Resource Identifier http://site.ebrary.com/lib/rucke/Doc?id=10604218

No items available.

© 2026 Rongo University
Contact us: librarian | system librarian | Rongo university